- Santos cristianos
Entrada Tema o Materia
Número de registros utilizados en: 1
001 - NUMERO DE CONTROL
- Campo de control: 7112
003 - IDENTIFICADOR DEL NUMERO DE CONTROL
- Campo de control: SpMaBN
005 - HORA Y FECHA DE LA ULTIMA TRANSACCIÓN
- Campo de control: 20220628174708.0
008 - CAMPO DE LONGITUD FIJA
- Campo fijo de descripción fija: 901201dn anznnbabn |n ana
016 ## -
- : BNE19901232873
024 7# -
- : http://id.loc.gov/authorities/subjects/sh85116633
- : lcsh
024 7# -
- : http://data.bnf.fr/ark:/12148/cb11979271j
- : rameau
024 7# -
- : http://lemac.sgcb.mcu.es/Autoridades/LEMAC201230198/concept
- : lemac
040 ## -
- : SpMaBN
- : spa
- : SpMaBN
- : rdc
- : embne
042 ## -
- : 20090227
080 ## -
- : 27-36-533
- : 2015
150 ## - ENCABEZAMIENTO DE MATERIA-TEMA
- Téma o Materia: Santos cristianos
- Subdivisión General: Culto
450 ## - REFERENCIA DE ENVIO “VEASE” - MATERIA
- Encabezamiento temático : Culto de dulía
450 ## - REFERENCIA DE ENVIO “VEASE” - MATERIA
- Encabezamiento temático : Culto de los santos
450 ## - REFERENCIA DE ENVIO “VEASE” - MATERIA
- Encabezamiento temático : Devoción a los santos cristianos
450 ## - REFERENCIA DE ENVIO “VEASE” - MATERIA
- Encabezamiento temático : Dulía
450 ## - REFERENCIA DE ENVIO “VEASE” - MATERIA
- Encabezamiento temático : Invocación de santos cristianos
450 ## - REFERENCIA DE ENVIO “VEASE” - MATERIA
- Encabezamiento temático : Santos cristianos
- Subdivisión general: Devoción
450 ## - REFERENCIA DE ENVIO “VEASE” - MATERIA
- Encabezamiento temático : Santos cristianos
- Subdivisión general: Invocación
450 ## - REFERENCIA DE ENVIO “VEASE” - MATERIA
- Encabezamiento temático : Santos cristianos
- Subdivisión general: Veneración
450 ## - REFERENCIA DE ENVIO “VEASE” - MATERIA
- Encabezamiento temático : Veneración de santos cristianos
550 ## - REFERENCIA DE ENVIO "VEASE ADEMAS" - MATERIA
- Subcampo de control: h
- Encabezamiento temático o nombre geográfico como elemento de entrada: Santos cristianos
- Subdivisión de forma: Oraciones
550 ## - REFERENCIA DE ENVIO "VEASE ADEMAS" - MATERIA
- Encabezamiento temático o nombre geográfico como elemento de entrada: Santuarios
670 ## - FUENTE EN LA QUE SE LOCALIZARON DATOS
- Cita de la fuente : LCSH
- Información localizada : (Christian saints-Cult)
670 ## - FUENTE EN LA QUE SE LOCALIZARON DATOS
- Cita de la fuente : RAMEAU
- Información localizada : (Saints-Culte)
670 ## - FUENTE EN LA QUE SE LOCALIZARON DATOS
- Cita de la fuente : DRAE
- Información localizada : (Culto de dulía)
750 #7 - ASIENTO LIGADO AL ENCABEZAMIENTO - TEMATICO
- Encabezamiento temático : Saints-Culte
- Source of heading or term: rameau
750 #7 - ASIENTO LIGADO AL ENCABEZAMIENTO - TEMATICO
- Encabezamiento temático : Saints-Cult
- Source of heading or term: lcsh
750 #7 - ASIENTO LIGADO AL ENCABEZAMIENTO - TEMATICO
- Encabezamiento temático : Sants-Culte
- Source of heading or term: lemac
901 ## -
- : LAEMBNE
961 ## -
- : Santos cristianos
- : Culto
